| 000 | 00774nam a2200229 4500 | ||
|---|---|---|---|
| 001 | 127130 | ||
| 003 | ES-MaACL | ||
| 005 | 20251015063127.0 | ||
| 007 | t| | ||
| 008 | 070214s1961 sp r ||||1| spa d | ||
| 080 | _a(038)=133.1=134.2 | ||
| 100 |
_aReyes, Rafael, _d1879-1947 _9193680 |
||
| 245 | 1 | 0 |
_aDiccionario francés-español y español-francés / _cRafael Reyes. |
| 250 | _a29ª ed. | ||
| 260 |
_aMadrid : _bReyes, _c1961. |
||
| 300 |
_a1600 p. ; _c17 cm. |
||
| 650 | 4 |
_aLengua francesa- _vDiccionarios- _xEspañol. _914213 |
|
| 650 | 4 |
_aLengua española- _vDiccionarios- _xFrancés. _914145 |
|
| 852 | 4 |
_aES-MaACL _jA-5448 _xExpurgado en 2022: ejemplar deteriorado; ejemplar falto de paginas. |
|
| 942 |
_2udc _cMONOGRAFIA _n0 |
||
| 999 |
_c127130 _d127130 |
||